000 00534nam a2200205Ia 4500
003 GCL
008 140319s9999 xx 000 0 eng d
040 _aGCL /
_cGCL
082 0 4 _a621.4023
_bM I
100 1 _aMALEEV, V. L.
245 1 0 _aINTERNAL-COMBUSTION ENGINES: THEORY AND DESIGN /
_cMALEEV, V. L.
260 _a[S.N] :
_bMC GRAW - HILL
300 _a636 P
650 0 4 _aDESIGN
650 0 4 _aMECHANICS ENGINEERING
650 0 4 _aCOMBUSTION ENGINES
650 0 4 _aHEAT ENGINEERING
650 0 4 _aTHEORIES
942 _2ddc
_cBK
999 _c10463
_d10463